Biến nạp gene glycosyltransferase DNRS và gen hỗ trợ DNRQ vào tế bào Streptomyces peucetius MH9.2 làm tăng khả năng tổng hợp doxorubicin /

Đã lưu trong:
書目詳細資料
主要作者: Tạ Thị Thu Thủy.
其他作者: Nguyễn Huy Hoàng.
格式: Bài viết
語言:Vietnamese
主題:
標簽: 添加標簽
沒有標簽, 成為第一個標記此記錄!
Thư viện lưu trữ: Thư viện Trường Đại học Đà Lạt
LEADER 01005nam a2200289 4500
001 DLU210195557
005 ##20210107
040 # # |a DLU  |b vie 
041 # # |a vie 
044 # # |a vn 
100 # # |a Tạ Thị Thu Thủy. 
245 # # |a Biến nạp gene glycosyltransferase DNRS và gen hỗ trợ DNRQ vào tế bào Streptomyces peucetius MH9.2 làm tăng khả năng tổng hợp doxorubicin /  |c Tạ Thị Thu Thủy, Nguyễn Huy Hoàng. 
653 # # |a Chủng tái tổ hợp di truyền 
653 # # |a Sinh tổng hợp Doxorubicin 
653 # # |a Streptomyces peucetius 
653 # # |a Tách dòng gene 
700 # # |a Nguyễn Huy Hoàng. 
773 # # |t Tạp chí Công nghệ Sinh học  |g Số 15(1), 2017, tr. 151-159 
920 # # |a Phòng Tạp chí -- Trung tâm Thông tin - Thư viện Trường Đại học Đà Lạt 
994 # # |a DLU 
900 # # |a True 
911 # # |a Hoàng Thị Huyền 
925 # # |a G 
926 # # |a A 
927 # # |a BB 
980 # # |a Thư viện Trường Đại học Đà Lạt